000
00302nam a22001337a 4500
003
SGT
020
_a
9788193555477
082
_a
920
_b
S19P
100
_a
PURI, HARDEEP
245
_a
SEPARATING THE WHEAT FROM CHAFF
260
_b
KONARK PUBLISHERS PVT. LTD.
_c
2019
300
_a
316
942
_2
ddc
_c
BK
999
_c
32029
_d
32029